Hide & seek: (Record no. 115095)
[ view plain ]
| 000 -LEADER | |
|---|---|
| fixed length control field | 00548nam a2200193 a 4500 |
| 005 - DATE AND TIME OF LATEST TRANSACTION | |
| control field | 20140414132122.0 |
| 008 - FIXED-LENGTH DATA ELEMENTS--GENERAL INFORMATION | |
| fixed length control field | 121010s19uu xx 00 eng d |
| 020 ## - INTERNATIONAL STANDARD BOOK NUMBER | |
| International Standard Book Number | 0709713819 |
| 050 ## - LIBRARY OF CONGRESS CALL NUMBER | |
| Classification number | REF 428.1 |
| Item number | Cl592 2000 |
| 100 ## - MAIN ENTRY--PERSONAL NAME | |
| Personal name | Clark, Colin |
| 245 ## - TITLE STATEMENT | |
| Title | Hide & seek: |
| Remainder of title | one thousand words and pictures. |
| 260 ## - PUBLICATION, DISTRIBUTION, ETC. (IMPRINT) | |
| Place of publication, distribution, etc | England : |
| Name of publisher, distributor, etc | Brown Watson, |
| Date of publication, distribution, etc | 2000. |
| 300 ## - PHYSICAL DESCRIPTION | |
| Extent | 80 |
| 650 ## - SUBJECT ADDED ENTRY--TOPICAL TERM | |
| Topical term or geographic name as entry element | words-vocabulary-search. |
| 650 ## - SUBJECT ADDED ENTRY--TOPICAL TERM | |
| Topical term or geographic name as entry element | pictures-search. |
| 700 ## - ADDED ENTRY--PERSONAL NAME | |
| Personal name | Terry Burton ( pictures by) |
| 700 ## - ADDED ENTRY--PERSONAL NAME | |
| Personal name | Stephen Holmes (pictures by) |
| Withdrawn status | Lost status | Damaged status | Home library | Current library | Shelving location | Date acquired | Source of acquisition | Total Checkouts | Full call number | Barcode | Date last seen | Price effective from | Koha item type |
|---|---|---|---|---|---|---|---|---|---|---|---|---|---|
| Munich Library | Munich Library | Reference Section | 10/10/2012 | REF 428.1 Cl592 2000 | M7093 | 04/14/2014 | 04/14/2014 | Books |